Normal view
MARC view
Entry Topical Term
001 - CONTROL NUMBER
- control field: 40236
003 - CONTROL NUMBER IDENTIFIER
- control field: ARRUPE
005 - DATE AND TIME OF LATEST TRANSACTION
- control field: 20180305154739.0
008 - FIXED-LENGTH DATA ELEMENTS
- fixed length control field: 180305|| aca||aabn | a|a d
040 ## - CATALOGING SOURCE
- Original cataloging agency: ARRUPE
- Transcribing agency: ARRUPE
150 ## - HEADING--TOPICAL TERM
- Topical term or geographic name as entry element: Soweto (South Africa)
- General subdivision: Politics
670 ## - SOURCE DATA FOUND
- Source citation: Work cat.: (ARRUPE)21430: Mathiane, Nomavenda 34636, South Africa:, 1989